000 00650nam a2200229 a 4500
001 70736
003 BD-RjUL
005 20211209082032.0
008 170419s1997 enka b 001 0 eng
035 _a(BD-RjUL)70950
040 _aDLC
_cDLC
_dBD-RjUL
_beng
041 _aeng
082 0 0 _a576.5
_223
_bLEG 1997
100 1 _aLewin, Benjamin.
_9209376
245 1 0 _aGenes VI /
_cBenjamin Lewin.
260 _aNew York :
_bOxford University Press,
_c1997.
300 _axviii, 1260 p. :
_bill. ;
_c29 cm.
504 _aIncludes bibliographical references and index.
650 0 _aGenetics.
_9209377
942 _2ddc
_cBK
999 _c70736
_d70736